000 00208nam a22001097a 4500
100 _aAdam's Scott
245 _aThe Dilbert Future
250 _a1998
260 _bBoxtree
300 _a258
942 _2ddc
_cBK
999 _c11511
_d11511